Spieler, die James Wade bei der Darts WM besiegten - Statistiken

Allgemein
  • Dieses Quiz wurde 129 mal gespielt
    14 seit der letzten Aktualisierung
  • Das Durchschnittsergebnis liegt bei 12 aus 22
Antwortstatistiken
Jahr Runde Nationalität Spieler % Korrekt
2013 Halbfinale Niederlande Michael van Gerwen
92%
2017 Viertelfinale Schottland Peter Wright
92%
2009 Halbfinale Niederlande Raymond van Barneveld
92%
2010 Viertelfinale Australien Simon Whitlock
92%
2011 2. Runde Österreich Mensur Suljović
85%
2022 Halbfinale England Michael Smith
85%
2016 Viertelfinale Schottland Gary Anderson
77%
2008 Viertelfinale Kanada John Part
77%
2024 2. Runde Kanada Matt Campbell
77%
2012 Halbfinale England Adrian Lewis
62%
2014 Viertelfinale England Adrian Lewis
62%
2026 2. Runde England Ricky Evans
62%
2025 2. Runde Niederlande Jermaine Wattimena
54%
2023 2. Runde Wales Jim Williams
54%
2015 2. Runde England Stephen Bunting
46%
2021 3. Runde England Stephen Bunting
46%
2018 1. Runde England Keegan Brown
23%
2019 Achtelfinale England Ryan Joyce
23%
2020 3. Runde England Steve Beaton
23%
2007 Achtelfinale England Terry Jenkins
8%
2006 1. Runde England Wayne Jones
8%
2005 1. Runde England Mark Holden
0%
Keine übereinstimmenden Quizze gefunden
Verteilung der Resultate
Anzahl Personen mit jedem Resultat
Perzentil nach korrekt beantworteten Fragen
Ihre Resultats-Entwicklung
Sie haben dieses Quiz seit der letzten Aktualisierung nicht gespielt